| 000 | 00615nam a2200229Ia 4500 | ||
|---|---|---|---|
| 003 | OSt | ||
| 005 | 20230501114812.0 | ||
| 008 | 210423s2011 xx 000 0 und d | ||
| 020 | _a978-0-538-73485-1 | ||
| 040 | _cAL | ||
| 041 | _aeng | ||
| 082 |
_a547 _223 _bSEAO |
||
| 100 |
_aSEAGER ( Spencer L); SLABAUGH (Michael R) _995573 |
||
| 245 | _aOrganic and biochemistry for today Ed 17 | ||
| 250 | _a17 | ||
| 260 |
_aAustralia _bBrooks Cole _c2011 |
||
| 300 |
_axxvi,429 _bPB |
||
| 365 |
_b3057.75 _cUSD |
||
| 650 |
_aOrganic Chemistry _995574 |
||
| 906 | _abiochemistry ; Organic ; today | ||
| 942 |
_2ddc _cBK |
||
| 999 |
_c170532 _d170532 |
||